000 00638nam a2200229 a 4500
005 20231021063624.0
008 040304s2002 mx r 000 0 spa d
020 _a8420535273
035 _aUPN01000132460
049 _aCG
050 4 _aLB2395
_bP3.3
100 1 _aPauk, Walter
245 1 0 _aEstrategias de estudio /
_cWalter Pauk ; tr. Ana Martos.
260 _aMadrid :
_bPrentice Hall,
_c2002.
300 _a202 p.
440 0 _aTú mism@
534 _pTraducido de:
_tEssential study strategies
650 4 _aMétodos de estudio
_94280
650 7 _aEstrategias educativas
_2
_91510
905 _aLibro
999 _c104615
_d104615